koneman's Color atlas and text book of Diagnostic Microbiology (Record no. 589005)
[ view plain ]
| 000 -LEADER | |
|---|---|
| fixed length control field | 00416nam a22001457a 4500 |
| 020 ## - INTERNATIONAL STANDARD BOOK NUMBER | |
| International Standard Book Number | 9781451116595 |
| 040 ## - CATALOGING SOURCE | |
| Transcribing agency | NUST |
| 082 ## - DEWEY DECIMAL CLASSIFICATION NUMBER | |
| Edition number | SEVENTH |
| Classification number | 616.9041 |
| Author Mark | KON |
| 100 ## - MAIN ENTRY--PERSONAL NAME | |
| Personal name | Gary W. Procop,deirdre l. church |
| 9 (RLIN) | 90769 |
| 245 ## - TITLE STATEMENT | |
| Title | koneman's Color atlas and text book of Diagnostic Microbiology |
| 250 ## - EDITION STATEMENT | |
| Edition statement | seventh |
| 260 ## - PUBLICATION, DISTRIBUTION, ETC. | |
| Place of publication, distribution, etc. | USA |
| Name of publisher, distributor, etc. | s4 carlisle |
| Date of publication, distribution, etc. | 2017 |
| 300 ## - PHYSICAL DESCRIPTION | |
| Extent | 1606 |
| 942 ## - ADDED ENTRY ELEMENTS (KOHA) | |
| Source of classification or shelving scheme | |
| Koha item type | Book |
| Edition | SEVENTH |
| Call number prefix | 616.9041 KON |
| Withdrawn status | Lost status | Source of classification or shelving scheme | Damaged status | Not for loan | Permanent Location | Current Location | Date acquired | Total Checkouts | Full call number | Barcode | Date last seen | Price effective from | Koha item type |
|---|---|---|---|---|---|---|---|---|---|---|---|---|---|
| Institute of Environmental Science and Engineering (IESE) | Institute of Environmental Science and Engineering (IESE) | 03/31/2022 | 616.9041 KON | IESE-3995 | 03/31/2022 | 03/31/2022 | Book |
